[Event "Baltic Cup 3rd"]
[Site "Darlowko"]
[Date "2019.06.29"]
[Round "8"]
[White "Praczukowski, Stanislaw"]
[Black "Belczewski, Jacek"]
[Result "1-0"]
[WhiteElo "2166"]
[BlackElo "2011"]
[PlyCount "59"]
[EventDate "2019.06.23"]
[EventType "swiss"]
[EventRounds "9"]
[EventCountry "POL"]
[SourceTitle "CBM 191 Extra"]
[Source "ChessBase"]
[SourceDate "2019.09.30"]
[SourceVersion "1"]
[SourceVersionDate "2019.09.30"]
[SourceQuality "1"]

1. e4 e6 2. d4 d5 3. e5 c5 4. c3 Qb6 5. Nf3 Nc6 6. Na3 cxd4 7. cxd4 Bd7 8. Nc2 Nb4 9. Ne3 Bb5 10. a3 Bxf1 11. Kxf1 Nc6 12. g3 Be7 13. Kg2 Nh6 14. Qd3 f6 15. exf6 Bxf6 16. Re1 0-0 17. Nc2 Rae8 18. Bxh6 gxh6 19. Re2 Qxb2 20. Rae1 Bg7 21. Ne3 Qb6 22. Nxd5 Qd8 23. Nf4 e5 24. Qb3+ Kh8 25. dxe5 Qe7 26. Qe3 Rd8 27. Nh4 Qe8 28. e6 Ne5 29. Qe4 Bf6 30. Nf5 1-0

[Event "Baltic Cup 2nd"]
[Site "Darlowko"]
[Date "2018.06.29"]
[Round "6"]
[White "Belczewski, Jacek"]
[Black "Rudzinska, Michalina"]
[Result "1-0"]
[WhiteElo "2103"]
[BlackElo "2088"]
[PlyCount "153"]
[EventDate "2018.06.24"]
[EventType "swiss"]
[EventRounds "9"]
[EventCountry "POL"]
[SourceTitle "CBM 185 Extra"]
[Source "ChessBase"]
[SourceDate "2018.07.29"]
[SourceVersion "1"]
[SourceVersionDate "2018.07.29"]
[SourceQuality "1"]

1. d4 Nf6 2. c4 c5 3. d5 d6 4. Nc3 g6 5. e4 Bg7 6. Bd3 0-0 7. Nge2 Nbd7 8. f4 a6 9. 0-0 e6 10. Ng3 exd5 11. exd5 b5 12. cxb5 Nb6 13. f5 Qc7 14. Bg5 c4 15. Bc2 axb5 16. Qd4 Nbd7 17. Nxb5 Qb8 18. a4 Ba6 19. fxg6 fxg6 20. Qxc4 Ne5 21. Qc7 Bxb5 22. Qxb8 Raxb8 23. axb5 Rxb5 24. Bxf6 Bxf6 25. Ne4 Be7 26. Rxf8+ Kxf8 27. Ra8+ Kf7 28. Ra2 Nc4 29. Bd3 Rb4 30. Bxc4 Rxc4 31. Nc3 Bf6 32. Ra7+ Kg8 33. Rd7 Be5 34. Kf2 Rb4 35. Nd1 Rd4 36. Ne3 Rd2+ 37. Kf3 Rxb2 38. Nc4 Rb3+ 39. Ke2 Bxh2 40. Nxd6 Bxd6 41. Rxd6 Kf7 42. Rd7+ Kf6 43. Rxh7 Ke5 44. Rd7 Rb5 45. Rg7 Kf6 46. Rd7 Ke5 47. Re7+ Kxd5 48. Kf3 Rb4 49. Rg7 Rb6 50. Kg4 Ke4 51. Re7+ Kd5 52. Kg5 Ra6 53. g4 Ra4 54. Re2 Rb4 55. Rg2 Rb6 56. Rf2 Ke5 57. Re2+ Kd5 58. Kh6 Kd4 59. Re8 Ra6 60. g5 Rb6 61. Kg7 Kd5 62. Rf8 Ke5 63. Rf6 Rb7+ 64. Kxg6 Ra7 65. Rf7 Ra1 66. Kg7 Rg1 67. g6 Rg2 68. Rf1 Ke6 69. Kh7 Rh2+ 70. Kg8 Rg2 71. g7 Ke7 72. Re1+ Kd7 73. Re4 Rg1 74. Kf7 Rf1+ 75. Kg6 Rg1+ 76. Kf6 Rg2 77. Re5 1-0

[Event "Bialystok Zamenhof Memorial-B 36th"]
[Site "Bialystok"]
[Date "2017.12.30"]
[Round "8"]
[White "Luba, Lukasz"]
[Black "Belczewski, Jacek"]
[Result "1-0"]
[WhiteElo "2093"]
[BlackElo "1985"]
[PlyCount "131"]
[EventDate "2017.12.27"]
[EventType "swiss"]
[EventRounds "9"]
[EventCountry "POL"]
[SourceTitle "CBM 182 Extra"]
[Source "ChessBase"]
[SourceDate "2018.02.23"]
[SourceVersion "1"]
[SourceVersionDate "2018.02.23"]
[SourceQuality "1"]

1. e3 e6 2. d4 f5 3. c4 Nf6 4. Nc3 Bb4 5. Bd3 b6 6. Nge2 Bb7 7. f3 c5 8. Bd2 cxd4 9. exd4 0-0 10. a3 Be7 11. b4 Ne8 12. 0-0 Nc7 13. Qb3 Bg5 14. f4 Bf6 15. b5 Qe8 16. Be3 Qg6 17. Rf2 Bh4 18. g3 Be7 19. Rd1 d6 20. Bc2 Nd7 21. Qb1 Nf6 22. h3 Nh5 23. Kh2 Qh6 24. d5 Nf6 25. Kg1 Qxh3 26. Rh2 Qg4 27. dxe6 Qf3 28. Bd4 Ng4 29. Rd3 Nxh2 30. Rxf3 Nxf3+ 31. Kf2 Nxd4 32. Nxd4 g6 33. Nc6 Bxc6 34. bxc6 Bf6 35. e7 Rfe8 36. Nd5 Bd4+ 37. Kg2 Nxd5 38. cxd5 Rxe7 39. Qd1 Bc5 40. a4 Rae8 41. Bd3 Re1 42. Qd2 Rg1+ 43. Kh2 Rge1 44. Ba6 R1e7 45. Kh3 Rc7 46. Kh4 Ree7 47. Qc3 Rf7 48. a5 h6 49. axb6 axb6 50. Qa1 Ra7 51. Qf1 Rac7 52. Qd3 Kh7 53. Qc2 Rfe7 54. Bd3 Rg7 55. g4 fxg4 56. Bxg6+ Kg8 57. Qf5 Rge7 58. Qf6 Bf2+ 59. Kxg4 Bc5 60. Kh5 b5 61. Bf5 Rg7 62. Kxh6 Rcf7 63. Qd8+ Rf8 64. Be6+ Rgf7 65. c7 Be3 66. Qxf8+ 1-0

[Event "Bialystok Zamenhof Memorial-B 36th"]
[Site "Bialystok"]
[Date "2017.12.29"]
[Round "6"]
[White "Shilov, Sergej"]
[Black "Belczewski, Jacek"]
[Result "0-1"]
[WhiteElo "2153"]
[BlackElo "1985"]
[PlyCount "128"]
[EventDate "2017.12.27"]
[EventType "swiss"]
[EventRounds "9"]
[EventCountry "POL"]
[SourceTitle "CBM 182 Extra"]
[Source "ChessBase"]
[SourceDate "2018.02.23"]
[SourceVersion "1"]
[SourceVersionDate "2018.02.23"]
[SourceQuality "1"]

1. e4 e6 2. d4 d5 3. Nc3 Nf6 4. Bg5 Bb4 5. e5 h6 6. Bd2 Bxc3 7. bxc3 Ne4 8. Bc1 c5 9. Bd3 Nxc3 10. Qg4 g6 11. dxc5 Nd7 12. Bd2 Ne4 13. Bxe4 dxe4 14. Qxe4 Nxc5 15. Qe3 Qc7 16. Nf3 Bd7 17. 0-0 0-0-0 18. a4 Kb8 19. Bb4 Rc8 20. Nd4 Ka8 21. Nb5 Bxb5 22. axb5 Rhd8 23. Qa3 b6 24. Bxc5 bxc5 25. Qf3+ Qb7 26. b6 Qxf3 27. Rxa7+ Kb8 28. gxf3 Rc6 29. Rfa1 Rd2 30. Rxf7 Rxb6 31. Raa7 Rxc2 32. Rae7 Rc6 33. Re8+ Rc8 34. Rxe6 Rb2 35. Ra6 c4 36. Rfa7 Re2 37. Ra8+ Kb7 38. Rxc8 Kxc8 39. Rxg6 Rxe5 40. Rc6+ Kd7 41. Rxc4 Re6 42. Kg2 Kd6 43. Kg3 Rf6 44. h4 Ke5 45. Re4+ Kd5 46. Re8 Rg6+ 47. Kf4 Rf6+ 48. Kg4 Rg6+ 49. Kf5 Rg2 50. Rd8+ Kc6 51. Rh8 Rxf2 52. Rxh6+ Kd7 53. f4 Ke7 54. Rh7+ Kf8 55. h5 Kg8 56. Ra7 Rf1 57. Kg5 Rg1+ 58. Kf6 Rh1 59. Rg7+ Kh8 60. Rg5 Kh7 61. Re5 Kh6 62. Re8 Kh7 63. Re5 Kh6 64. Kf7 Ra1 0-1

[Event "Bialystok Zamenhof Memorial-B 36th"]
[Site "Bialystok"]
[Date "2017.12.27"]
[Round "1"]
[White "Belczewski, Jacek"]
[Black "Krzywda, Andrzej"]
[Result "1/2-1/2"]
[WhiteElo "1985"]
[BlackElo "2171"]
[PlyCount "258"]
[EventDate "2017.12.27"]
[EventType "swiss"]
[EventRounds "9"]
[EventCountry "POL"]
[SourceTitle "CBM 182 Extra"]
[Source "ChessBase"]
[SourceDate "2018.02.23"]
[SourceVersion "1"]
[SourceVersionDate "2018.02.23"]
[SourceQuality "1"]

1. Nf3 Nf6 2. d4 e6 3. c4 d5 4. e3 Be7 5. Nbd2 Nbd7 6. b3 0-0 7. Bd3 b6 8. 0-0 Bb7 9. Bb2 a5 10. Qe2 Ne4 11. a4 f5 12. Rfd1 Qe8 13. Rac1 Bd6 14. Ne5 Nxe5 15. dxe5 Bb4 16. Nf3 Nc5 17. cxd5 Bxd5 18. Nd4 Qg6 19. f3 Nxd3 20. Rxd3 Bc5 21. Kh1 Rae8 22. Nb5 Re7 23. Ba3 Bxa3 24. Nxa3 Qh5 25. Nb5 c5 26. Nd6 f4 27. exf4 Rxf4 28. Rc2 Rh4 29. g3 Rb4 30. Rcc3 Rd7 31. Kg1 Rd8 32. Nb5 Rf8 33. Nd6 h6 34. Re3 Qg6 35. Rcd3 Bc6 36. Ne4 c4 37. bxc4 Rxc4 38. Rc3 Rxc3 39. Nxc3 Qf7 40. Kg2 Qb7 41. h3 Qe7 42. Qc4 Bb7 43. h4 Rc8 44. Qb3 Rf8 45. Ne4 Bd5 46. Qxb6 Qf7 47. Qd4 Qf5 48. Nd2 Qc2 49. Rc3 Qd1 50. Qe3 Qxa4 51. Ra3 Qb5 52. Qd3 Qb4 53. Qc3 Qb5 54. Qd3 Qb2 55. Kh3 Qc1 56. Kg2 Qd1 57. Ne4 Qxd3 58. Rxd3 Bxe4 59. fxe4 a4 60. Ra3 Ra8 61. Kf3 Ra5 62. Ke3 h5 63. Kd4 Kh7 64. Ke3 Kh6 65. Kf4 g6 66. g4 hxg4 67. Kxg4 Kg7 68. Kf4 Kh7 69. Kf3 Kh6 70. Kg4 Ra7 71. Kf4 Kh5 72. Kg3 Ra5 73. Kh3 Ra6 74. Kg3 Ra7 75. Kh3 Kh6 76. Kg4 Ra5 77. Kf4 Kg7 78. Kf3 Kf7 79. Kf4 Kf8 80. Kf3 Ke7 81. Kf4 Ke8 82. Kg4 Kf7 83. Kf4 Kg7 84. Kg4 Kh6 85. Kf4 Ra7 86. Kg4 Ra8 87. Kf4 Kh5 88. Kg3 g5 89. hxg5 Kxg5 90. Kf3 Ra5 91. Kg3 Rb5 92. Rxa4 Rb3+ 93. Kf2 Kf4 94. Ke2 Kxe5 95. Ra6 Rb4 96. Kf3 Rb3+ 97. Ke2 Rh3 98. Rb6 Rh4 99. Kd3 Rh3+ 100. Ke2 Rh6 101. Kd3 Kf4 102. Ra6 Rh3+ 103. Kd2 e5 104. Ra4 Rb3 105. Ke2 Rb2+ 106. Kd3 Rb8 107. Ke2 Rd8 108. Rb4 Rh8 109. Ra4 Rh2+ 110. Kd3 Rh1 111. Ke2 Rh3 112. Rb4 Rh2+ 113. Kd3 Kf3 114. Rb8 Rh4 115. Rf8+ Rf4 116. Rxf4+ Kxf4 117. Kd2 Kf3 118. Kd3 Kf4 119. Kd2 Kxe4 120. Ke2 Kd4 121. Kd2 Ke4 122. Ke2 Kf4 123. Kf2 e4 124. Ke2 e3 125. Ke1 Ke4 126. Ke2 Kd4 127. Ke1 Kd3 128. Kd1 e2+ 129. Ke1 Ke3 1/2-1/2

[Event "Suwalki Warakomska Memorial-B 1st"]
[Site "Suwalki"]
[Date "2017.08.15"]
[Round "6"]
[White "Tarnowska, Aleksandra"]
[Black "Belczewski, Jacek"]
[Result "0-1"]
[WhiteElo "1807"]
[BlackElo "1949"]
[PlyCount "178"]
[EventDate "2017.08.11"]
[EventType "swiss"]
[EventRounds "9"]
[EventCountry "POL"]
[SourceTitle "CBM 180 Extra"]
[Source "ChessBase"]
[SourceDate "2017.10.06"]
[SourceVersion "1"]
[SourceVersionDate "2017.10.06"]
[SourceQuality "1"]

1. e4 e6 2. d4 d5 3. exd5 exd5 4. Nf3 Nc6 5. c3 Bd6 6. Bd3 Nge7 7. 0-0 Bg4 8. h3 Bh5 9. Re1 Qd7 10. b4 f6 11. Nbd2 0-0 12. Nf1 Rfe8 13. Ng3 Bg6 14. Nh4 Bxg3 15. fxg3 Bxd3 16. Qxd3 Nd8 17. a4 Nf7 18. c4 dxc4 19. Qxc4 Qc6 20. Qxc6 Nxc6 21. Bb2 Nxb4 22. Nf5 g6 23. Nh4 Nd6 24. Bc3 Nd5 25. Bd2 Kf7 26. Nf3 Rxe1+ 27. Rxe1 Re8 28. Rc1 Ne4 29. Bf4 c6 30. Rb1 Re7 31. a5 g5 32. Bc1 Ndc3 33. Rb2 Nxg3 34. Kh2 Nge4 35. Rc2 a6 36. Ba3 Rd7 37. Bb2 Nd5 38. Re2 Nd6 39. Rf2 Kg6 40. h4 h6 41. Nd2 Ne3 42. h5+ Kxh5 43. Re2 Nec4 44. Nb3 Nxb2 45. Rxb2 Nb5 46. Nc5 Rxd4 47. Nxb7 Rd5 48. Rc2 Nd4 49. Rc4 f5 50. Nc5 Ne2 51. Nxa6 Rxa5 52. Rxc6 Nf4 53. Nb4 Re5 54. Rc2 Kg4 55. Nc6 Re2 56. Nd4 Rxc2 57. Nxc2 Nd5 58. Nd4 f4 59. Kg1 Nc3 60. Kh2 Nd5 61. Kg1 Ne3 62. Kh2 h5 63. Kg1 h4 64. Kh2 Nc4 65. Nf3 Kf5 66. Nd4+ Kg4 67. Nf3 h3 68. Nd4 hxg2 69. Kxg2 Ne5 70. Kf2 Nf7 71. Ne6 Kf5 72. Ng7+ Ke4 73. Nh5 g4 74. Nf6+ Kf5 75. Nd5 Ne5 76. Kg2 Nc4 77. Kf2 Nd6 78. Kg2 Ne4 79. Ne7+ Kg5 80. Nd5 f3+ 81. Kh1 g3 82. Ne3 Kh4 83. Nd1 Nf2+ 84. Nxf2 gxf2 85. Kh2 f1B 86. Kh1 Kg3 87. Kg1 Bh3 88. Kh1 Bg2+ 89. Kg1 f2# 0-1

[Event "Bialystok Zamenhof Memorial 35th"]
[Site "Bialystok"]
[Date "2016.12.29"]
[Round "6"]
[White "Krasiewicz, Robert"]
[Black "Belczewski, Jacek"]
[Result "0-1"]
[WhiteElo "2048"]
[BlackElo "1902"]
[PlyCount "142"]
[EventDate "2016.12.27"]
[EventType "swiss (rapid)"]
[EventRounds "9"]
[EventCountry "POL"]
[SourceTitle "CBM 176 Extra"]
[Source "ChessBase"]
[SourceDate "2017.03.02"]
[SourceVersion "1"]
[SourceVersionDate "2017.03.02"]
[SourceQuality "1"]

1. c4 Nf6 2. g3 e6 3. Bg2 d5 4. Nf3 Be7 5. 0-0 0-0 6. b3 c5 7. Bb2 Nc6 8. e3 b6 9. d3 Bb7 10. Qe2 Qc7 11. Nc3 Rfd8 12. Rfd1 a6 13. Rac1 d4 14. exd4 Nxd4 15. Nxd4 cxd4 16. Ne4 a5 17. a3 Bc6 18. Re1 Rac8 19. f4 Nd7 20. Bxd4 Bxa3 21. Rb1 Nc5 22. Be5 Qe7 23. Nf2 Bxg2 24. Kxg2 Bb4 25. Red1 f6 26. Ba1 Rc6 27. d4 Nd7 28. Rd3 Nf8 29. Rbd1 b5 30. c5 Rd5 31. Ne4 Qb7 32. Kf2 Qa7 33. Bc3 f5 34. Ng5 Ba3 35. Re3 Qa6 36. Re1 b4 37. Ba1 a4 38. bxa4 h6 39. Nxe6 Qxe2+ 40. R1xe2 Bc1 41. Nxf8 Bxe3+ 42. Rxe3 Kxf8 43. Rb3 Kf7 44. Rxb4 Rd7 45. a5 Ke6 46. Rb8 Kd5 47. Re8 Ra7 48. Re5+ Kc4 49. Rxf5 Rxa5 50. d5 Rg6 51. Be5 Rxc5 52. Rf7 Kxd5 53. Bxg7 Ra6 54. Rf5+ Kc4 55. Rxc5+ Kxc5 56. Kf3 Kd5 57. f5 h5 58. Kf4 Ra4+ 59. Kg5 Rg4+ 60. Kxh5 Rxg7 61. f6 Rf7 62. g4 Rxf6 63. g5 Rf2 64. h4 Rf4 65. g6 Ke6 66. Kg5 Rf1 67. Kh6 Rf8 68. Kg7 Rf5 69. Kh6 Ke7 70. h5 Kf8 71. g7+ Kf7 0-1

[Event "Bialystok Zamenhof Memorial 35th"]
[Site "Bialystok"]
[Date "2016.12.28"]
[Round "4"]
[White "Belczewski, Jacek"]
[Black "Parol, Pola"]
[Result "1-0"]
[WhiteElo "1902"]
[BlackElo "2040"]
[PlyCount "55"]
[EventDate "2016.12.27"]
[EventType "swiss (rapid)"]
[EventRounds "9"]
[EventCountry "POL"]
[SourceTitle "CBM 176 Extra"]
[Source "ChessBase"]
[SourceDate "2017.03.02"]
[SourceVersion "1"]
[SourceVersionDate "2017.03.02"]
[SourceQuality "1"]

1. d4 Nf6 2. Nf3 e6 3. c4 d5 4. Nc3 Bb4 5. e3 0-0 6. Bd3 c5 7. 0-0 Nc6 8. a3 Bxc3 9. bxc3 dxc4 10. Bxc4 Qc7 11. Qe2 e5 12. dxe5 Nxe5 13. Nxe5 Qxe5 14. Bd3 Ng4 15. f4 Qxc3 16. Bb2 Qb3 17. Rf3 Rd8 18. Bc4 Qb6 19. Rg3 Kf8 20. Bc3 Nf6 21. e4 g6 22. f5 Re8 23. Re3 g5 24. e5 Ng8 25. Qh5 Qc7 26. Qxh7 a6 27. e6 Bxe6 28. fxe6 1-0

[Event "POL-ch U16"]
[Site "Szklarska Poreba"]
[Date "2016.03.19"]
[Round "8"]
[White "Domanski, Lukasz"]
[Black "Belczewski, Jacek"]
[Result "0-1"]
[WhiteElo "1994"]
[BlackElo "1945"]
[PlyCount "36"]
[EventDate "2016.03.13"]
[EventType "swiss"]
[EventRounds "9"]
[EventCountry "POL"]
[SourceTitle "EXT 2018"]
[Source "ChessBase"]
[SourceDate "2017.10.13"]
[SourceVersion "1"]
[SourceVersionDate "2017.10.13"]
[SourceQuality "1"]

1. e4 e5 2. Nf3 Nf6 3. Nxe5 d6 4. Nc4 Nxe4 5. Nc3 Nxc3 6. bxc3 Be7 7. d4 Bf6 8. Bd3 0-0 9. 0-0 Nc6 10. Rb1 Ne7 11. Ne3 g6 12. f4 c5 13. f5 cxd4 14. Ng4 Nxf5 15. Nxf6+ Qxf6 16. g4 dxc3 17. Bh6 Qd4+ 18. Kh1 Nxh6 0-1

[Event "POL-ch U16"]
[Site "Szklarska Poreba"]
[Date "2016.03.18"]
[Round "7"]
[White "Belczewski, Jacek"]
[Black "Bilczewski, Kacper"]
[Result "0-1"]
[WhiteElo "1945"]
[BlackElo "2046"]
[PlyCount "52"]
[EventDate "2016.03.13"]
[EventType "swiss"]
[EventRounds "9"]
[EventCountry "POL"]
[SourceTitle "EXT 2018"]
[Source "ChessBase"]
[SourceDate "2017.10.13"]
[SourceVersion "1"]
[SourceVersionDate "2017.10.13"]
[SourceQuality "1"]

1. Nf3 e6 2. c4 b6 3. g3 Bb7 4. Bg2 Nf6 5. Nc3 Be7 6. 0-0 0-0 7. d4 d6 8. b3 Nbd7 9. Bb2 a6 10. Qc2 c5 11. e3 Qc7 12. Rfd1 Rad8 13. Rac1 Qb8 14. d5 exd5 15. Nxd5 Nxd5 16. cxd5 Bf6 17. Bxf6 Nxf6 18. Qf5 Rfe8 19. Rc4 Qc8 20. Rf4 Qxf5 21. Rxf5 Ne4 22. Ng5 Nxg5 23. Rxg5 Bc8 24. Bf3 g6 25. Bg4 f5 26. Bh5 Kf7 0-1

[Event "POL-ch U16"]
[Site "Szklarska Poreba"]
[Date "2016.03.16"]
[Round "5"]
[White "Belczewski, Jacek"]
[Black "Klementowski, Dawid"]
[Result "0-1"]
[WhiteElo "1945"]
[BlackElo "1904"]
[PlyCount "72"]
[EventDate "2016.03.13"]
[EventType "swiss"]
[EventRounds "9"]
[EventCountry "POL"]
[SourceTitle "EXT 2018"]
[Source "ChessBase"]
[SourceDate "2017.10.13"]
[SourceVersion "1"]
[SourceVersionDate "2017.10.13"]
[SourceQuality "1"]

1. Nf3 Nf6 2. g3 g6 3. Bg2 Bg7 4. c4 0-0 5. 0-0 Nc6 6. d4 d6 7. Nc3 Bg4 8. h3 Bxf3 9. Bxf3 Nd7 10. e3 e5 11. dxe5 Ndxe5 12. Be2 Na5 13. Qa4 Nac6 14. Bd2 Qd7 15. Kg2 f5 16. Nd5 Rae8 17. Bc3 g5 18. Bh5 Re6 19. f4 Rh6 20. Be2 gxf4 21. exf4 Ng6 22. Bf3 Kh8 23. Kh2 Qf7 24. Rad1 Rg8 25. Qc2 Qe6 26. Rfe1 Qf7 27. Ne3 Nce7 28. Bd5 Nxd5 29. Rxd5 Nxf4 30. Rxf5 Rxh3+ 31. Kg1 Qg6 32. Rxf4 Qxg3+ 33. Ng2 Qh2+ 34. Kf1 Bxc3 35. Qe4 Qh1+ 36. Kf2 Rxg2+ 0-1

[Event "POL-chT U19 2nd League"]
[Site "Szczyrk"]
[Date "2014.07.29"]
[Round "7.9"]
[White "Belczewski, Jacek"]
[Black "Lewandowski, Wiktor"]
[Result "1-0"]
[WhiteElo "1753"]
[BlackElo "1357"]
[PlyCount "171"]
[EventDate "2014.07.25"]
[EventType "team-swiss"]
[EventRounds "11"]
[EventCountry "POL"]
[SourceTitle "EXT 2015"]
[Source "ChessBase"]
[SourceDate "2014.11.20"]
[SourceVersion "1"]
[SourceVersionDate "2014.11.20"]
[SourceQuality "1"]
[WhiteTeam "Tczew Skoczek U19"]
[BlackTeam "Legnica Miedz U19"]
[WhiteTeamCountry "POL"]
[BlackTeamCountry "POL"]

1. d4 d5 2. c4 c6 3. e3 Nf6 4. Nc3 Bf5 5. cxd5 cxd5 6. Qb3 Qd7 7. Nf3 e6 8. Bb5 Nc6 9. Ne5 Qc7 10. Qa4 Rc8 11. Qxa7 Bd6 12. Nxc6 bxc6 13. Qxc7 Rxc7 14. Ba4 0-0 15. Bb3 Rb8 16. Bd2 Bd3 17. Ne2 Ra7 18. Rc1 Ra6 19. Nc3 Bb4 20. Na4 Bd6 21. f3 Nd7 22. Kf2 h6 23. Rhe1 f5 24. Red1 Bb5 25. Nc3 c5 26. Bc2 Bc6 27. dxc5 Nxc5 28. b3 Kf7 29. Rb1 Rab6 30. Ne2 Bd7 31. Bc3 Ra6 32. a4 Rab6 33. Bd4 R6b7 34. Bxc5 Bxc5 35. f4 Kf6 36. Nd4 Bd6 37. Bd3 Bc5 38. Nb5 Ra8 39. Rdc1 Bb4 40. Rc2 Ba5 41. Rbc1 Ke7 42. Ke2 Bd8 43. h3 h5 44. Kf3 Kf6 45. g3 g6 46. Rg1 Ba5 47. g4 hxg4+ 48. hxg4 Rh8 49. gxf5 gxf5 50. Rcg2 Rh7 51. Rg6+ Ke7 52. Rc1 Rh3+ 53. Rg3 Rh2 54. Rg2 Rh3+ 55. Rg3 Rh2 56. Rcg1 Rh7 57. Rg7+ Rxg7 58. Rxg7+ Kf8 59. Rg1 Ke7 60. Rb1 Bb4 61. Rc1 Ba5 62. Ke2 Kf6 63. Nd4 Bb6 64. Nf3 Ba5 65. Rb1 Bb4 66. Nd4 Ke7 67. Bb5 Bxb5+ 68. Nxb5 Kd7 69. Kd3 Rb6 70. Rc1 Rb7 71. Nd4 Bd6 72. Rb1 Bb4 73. Nc2 Be7 74. b4 Kc6 75. Nd4+ Kd7 76. b5 Bc5 77. Nc6 Bd6 78. a5 Kc7 79. Nd4 Kd7 80. b6 Bc5 81. Rb5 Kd6 82. Nb3 Ba3 83. a6 Rb8 84. a7 Rh8 85. b7 Kc7 86. b8Q+ 1-0

[Event "POL-ch qual U13"]
[Site "Jastrzebia Gora"]
[Date "2013.09.28"]
[Round "7.4"]
[White "Szymanowski, Igor"]
[Black "Belczewski, Jacek"]
[Result "0-1"]
[WhiteElo "1674"]
[BlackElo "1723"]
[PlyCount "142"]
[EventDate "2013.09.28"]
[EventType "swiss"]
[EventRounds "9"]
[EventCountry "POL"]
[SourceTitle "EXT 2023"]
[Source "ChessBase"]
[SourceDate "2022.10.05"]
[SourceVersion "1"]
[SourceVersionDate "2022.10.05"]
[SourceQuality "1"]

1. e4 e6 2. d4 d5 3. e5 c5 4. c3 Qb6 5. Nf3 Nc6 6. Bd3 cxd4 7. cxd4 Bd7 8. 0-0 Nxd4 9. Nxd4 Qxd4 10. Nc3 a6 11. Qe2 Ne7 12. Kh1 Nc6 13. f4 Nb4 14. Rd1 Nxd3 15. Rxd3 Qc4 16. b3 Qc7 17. Bd2 Bc5 18. Rc1 Qb6 19. Rg3 g6 20. Rf3 Bc6 21. Rh3 h5 22. a4 a5 23. Rd3 Bd7 24. Qf3 Bc6 25. Qe2 Rc8 26. Na2 d4 27. Qe1 Qa6 28. Rh3 b6 29. Qd1 Bd5 30. Rb1 Be4 31. Rc1 Bf5 32. Rf3 Bg4 33. Qf1 Qxf1+ 34. Rfxf1 Be2 35. Rfe1 Ba6 36. b4 axb4 37. Nxb4 Bb7 38. Nd3 Kd7 39. Kg1 Ba6 40. Nf2 Ba3 41. Rb1 Rc6 42. Ne4 Rhc8 43. Rb3 Be7 44. Rb2 Bd3 45. Nf2 Bc4 46. Ne4 Bd5 47. Bb4 Bxe4 48. Rxe4 Rc1+ 49. Be1 Bc5 50. Kf1 Ra1 51. Rd2 Rxa4 52. Bf2 Ke8 53. Bxd4 Rd8 54. Bxc5 Rxe4 55. Rxd8+ Kxd8 56. Bxb6+ Kd7 57. g3 g5 58. fxg5 Rxe5 59. h4 Re4 60. Kf2 Kd6 61. Kf3 Kd5 62. Bf2 e5 63. Be3 Rc4 64. Bf2 Ke6 65. Be3 Kf5 66. Bd2 e4+ 67. Ke2 Rd4 68. Bf4 Rd3 69. Kf2 Rf3+ 70. Ke2 Rxf4 71. gxf4 Kxf4 0-1

[Event "POL-chT3 Pomorskie"]
[Site "Poland"]
[Date "2013.04.07"]
[Round "6.8"]
[White "Belczewski, Jacek"]
[Black "Zielinski, Konrad"]
[Result "1-0"]
[WhiteElo "1610"]
[BlackElo "1418"]
[PlyCount "57"]
[EventDate "2013.01.13"]
[EventType "team-tourn"]
[EventRounds "9"]
[EventCountry "POL"]
[SourceTitle "EXT 2019"]
[Source "ChessBase"]
[SourceDate "2018.10.10"]
[SourceVersion "1"]
[SourceVersionDate "2018.10.10"]
[SourceQuality "1"]
[WhiteTeam "Tzcew Skoczek"]
[BlackTeam "Gdansk Gedania II"]
[WhiteTeamCountry "POL"]
[BlackTeamCountry "POL"]

1. d4 Nf6 2. f4 g6 3. Nf3 d5 4. e3 Bg7 5. Bd3 0-0 6. 0-0 b6 7. Ne5 Bb7 8. c3 Nbd7 9. Nd2 c5 10. Qe2 c4 11. Bc2 b5 12. e4 dxe4 13. Nxe4 Nxe4 14. Bxe4 Bxe4 15. Qxe4 Nxe5 16. fxe5 e6 17. Qg4 Qb6 18. Qe4 a5 19. Bd2 Rad8 20. Rae1 b4 21. Bg5 Rd5 22. Qf4 Rd7 23. Rf3 bxc3 24. bxc3 f5 25. exf6 Rdf7 26. Qe5 Bh8 27. Qxe6 Qb2 28. Bh6 Bg7 29. fxg7 1-0

[Event "POL Olympiad U14"]
[Site "Walbrzych"]
[Date "2013.??.??"]
[Round "7.12"]
[White "Belczewski, Jacek"]
[Black "Snihur, Adam"]
[Result "1/2-1/2"]
[WhiteElo "1650"]
[BlackElo "1683"]
[PlyCount "138"]
[EventDate "2013.04.??"]
[EventType "team-swiss"]
[EventRounds "9"]
[EventCountry "POL"]
[SourceTitle "EXT 2014"]
[Source "ChessBase"]
[SourceDate "2013.11.20"]
[SourceVersion "1"]
[SourceVersionDate "2013.11.20"]
[SourceQuality "1"]

1. c4 e6 2. Nc3 d5 3. d4 Nf6 4. Bg5 Nbd7 5. Nf3 c6 6. e3 Be7 7. Bd3 dxc4 8. Bxc4 b5 9. Bd3 a6 10. 0-0 Bb7 11. Qc2 0-0 12. Bxf6 Nxf6 13. Ne4 Nxe4 14. Bxe4 f5 15. Bd3 c5 16. Be2 Rc8 17. Qd2 c4 18. Rac1 Bd5 19. Ne5 Bd6 20. f4 Qe7 21. Bf3 Rc7 22. Qc2 Bxf3 23. Rxf3 Rfc8 24. e4 g6 25. Rg3 Bxe5 26. fxe5 Rd8 27. exf5 exf5 28. Qxf5 Rxd4 29. Rf1 Rd8 30. e6 Rf8 31. Qe4 Rxf1+ 32. Kxf1 b4 33. Rf3 Qe8 34. Qd5 Re7 35. Qxc4 Rxe6 36. Qxb4 Qb5+ 37. Qxb5 axb5 38. Rb3 Re5 39. Kf2 Kf7 40. g3 g5 41. Kf3 Kf6 42. g4 Rc5 43. Rc3 Rd5 44. Rc6+ Ke5 45. Ke3 b4 46. Rb6 Ra5 47. Rxb4 Rxa2 48. Rb5+ Kf6 49. Kd4 Ra4+ 50. b4 Ra2 51. Rb6+ Kg7 52. Rd6 Rxh2 53. Kc5 Rh4 54. Rd4 h5 55. gxh5 Rxh5 56. Kc6 Kg6 57. b5 Rh1 58. b6 Rc1+ 59. Kd7 Rb1 60. Rd6+ Kf5 61. Kc7 g4 62. b7 Rxb7+ 63. Kxb7 g3 64. Rd3 Kf4 65. Kc6 g2 66. Rd1 Kf3 67. Kd5 Kf2 68. Ke4 g1Q 69. Rxg1 Kxg1 1/2-1/2

[Event "POL Olympiad U14"]
[Site "Walbrzych"]
[Date "2013.??.??"]
[Round "9.7"]
[White "Belczewski, Jacek"]
[Black "Szostko, Jakub"]
[Result "0-1"]
[WhiteElo "1650"]
[BlackElo "1858"]
[PlyCount "60"]
[EventDate "2013.04.??"]
[EventType "team-swiss"]
[EventRounds "9"]
[EventCountry "POL"]
[SourceTitle "EXT 2014"]
[Source "ChessBase"]
[SourceDate "2013.11.20"]
[SourceVersion "1"]
[SourceVersionDate "2013.11.20"]
[SourceQuality "1"]

1. d4 Nf6 2. c4 e6 3. Nf3 d5 4. Nc3 Bb4 5. Qc2 0-0 6. e3 c5 7. dxc5 Nbd7 8. Be2 Nxc5 9. 0-0 dxc4 10. Bxc4 Bxc3 11. Qxc3 b6 12. b4 Nce4 13. Qc2 Bb7 14. Bb2 Rc8 15. Qe2 Qe7 16. a3 Rfd8 17. Rad1 Rxd1 18. Rxd1 Ng4 19. Qd3 Qc7 20. Qd7 h6 21. Bxe6 fxe6 22. Qxe6+ Qf7 23. Qxg4 Rc2 24. Rb1 Ng5 25. Qf4 Bxf3 26. Qb8+ Kh7 27. gxf3 Qxf3 28. Qg3 Nh3+ 29. Kf1 Rxf2+ 30. Ke1 Qe2# 0-1

[Event "POL Olympiad U14"]
[Site "Walbrzych"]
[Date "2013.??.??"]
[Round "1.5"]
[White "Belczewski, Jacek"]
[Black "Walter, Szymon"]
[Result "0-1"]
[WhiteElo "1650"]
[BlackElo "1925"]
[PlyCount "64"]
[EventDate "2013.04.??"]
[EventType "team-swiss"]
[EventRounds "9"]
[EventCountry "POL"]
[SourceTitle "EXT 2014"]
[Source "ChessBase"]
[SourceDate "2013.11.20"]
[SourceVersion "1"]
[SourceVersionDate "2013.11.20"]
[SourceQuality "1"]

1. d4 Nf6 2. f4 c5 3. e3 e6 4. Nf3 Be7 5. Bd3 0-0 6. 0-0 b6 7. c3 Bb7 8. Nbd2 cxd4 9. exd4 d6 10. Qe2 Nbd7 11. Ne4 Qc7 12. Bd2 Qc6 13. Ng3 a6 14. a4 Rfe8 15. b4 Bf8 16. b5 axb5 17. axb5 Qc7 18. c4 Rxa1 19. Rxa1 e5 20. fxe5 dxe5 21. Nxe5 Nxe5 22. dxe5 Rxe5 23. Qf1 Ng4 24. h3 Bc5+ 25. Kh1 Ne3 26. Qc1 Bxg2+ 27. Kh2 Rg5 28. Be1 Qf4 29. Qb2 Bf3 30. Qc1 Qh4 31. Bf2 Ng4+ 32. Kg1 Qxg3+ 0-1